| 000 | 00354 a2200109 4500 | ||
|---|---|---|---|
| 001 | ART_3391 | ||
| 005 | 20260410161714.0 | ||
| 008 | 260409a | ||
| 245 | 1 | 0 | _aTrabajo forzado y trabajo libre en el Potosí colonial tardío |
| 100 | 1 | _aTandeter, Enrique | |
| 773 | 0 |
_tDesarrollo económico _g- Vol. 20, Nº 80 (ene./mar. 1981) _wREV1174 |
|
| 999 |
_c16345 _d16345 |
||